| 000 | 01461nam a2200289 i 4500 | ||
|---|---|---|---|
| 003 | DO-SdBNP | ||
| 005 | 20250207073535.0 | ||
| 007 | ta | ||
| 008 | 220922e200? dr a|||er|||| 00| 0 spa d | ||
| 040 |
_aDO-SdBNP _bspa _cBNPHU _erda |
||
| 082 | 4 |
_222 _bF723m |
|
| 245 | 0 | 0 |
_aFormación metodológica: _bintroducción. |
| 264 |
_aSanto Domingo : _bInfotep, _c[200?] |
||
| 300 |
_avolumen : _bilustraciones ; _c27 cm. |
||
| 336 |
_2rdacontent _atexto _btxt |
||
| 337 |
_2rdamedia _asin mediación _bn |
||
| 338 |
_2rdacarrier _avolumen _bnc |
||
| 490 | 0 | _aHabilitación | |
| 500 | _aLa biblioteca posee: volumen 1, 3, 4, 5, 6, 8, 6, 11, 12 y volumen13. | ||
| 505 |
_avolumen 1. _tIntroducción. _gvolumen 3. _tEl Proceso de Enseñanza -Aprendizaje. _gvolumen 4. _tLa Motivación en el Proceso Enseñanza- Aprendizaje. _gvolumen 5. _tLa Comunicación en el Proceso Enseñanza - Aprendizaje. _gvolumen 6. _tPlanificación Didáctica 1. _gvolumen 8. _tMétodos y Técnica Didácticas 1. _gvolumen 9. _tEstructuración de Contenido. _gvolumen 11. _tEstrategias de Evaluación del Proceso Enseñanza - Aprendizaje. _gvolumen 12 _tGestión Administrativa. _gvolumen 13 _tPráctica Didáctica. |
||
| 590 | _aInventariado 2024 / MF | ||
| 650 | 4 |
_954063 _aEducación Técnica _zRepública Dominicana |
|
| 650 | 4 |
_912352 _aPedagogía _xTécnicas de Enseñanza |
|
| 650 | 4 |
_9902 _aAprendizaje Organizacional _xTécnicas de Enseñanza |
|
| 710 | 2 |
_aINFOTEP (Agencia) _978644 |
|
| 942 |
_2ddc _cLBS1 |
||
| 999 |
_c52445 _d52445 |
||